Making sense of the mansion tax (Record no. 84574)
[ view plain ]
| 000 -LEADER | |
|---|---|
| fixed length control field | 00841cab a22001935a 4500 |
| 001 - CONTROL NUMBER | |
| control field | L158370 |
| 008 - FIXED-LENGTH DATA ELEMENTS--GENERAL INFORMATION | |
| fixed length control field | 150123e20150115xxk 000 0 eng d |
| 035 ## - SYSTEM CONTROL NUMBER | |
| System control number | (Sirsi) u158370 |
| 041 0# - LANGUAGE CODE | |
| Language code of text/sound track or separate title | eng |
| 100 1# - MAIN ENTRY--PERSONAL NAME | |
| Personal name | Wood, Derek |
| 245 00 - TITLE STATEMENT | |
| Title | Making sense of the mansion tax |
| 260 ## - PUBLICATION, DISTRIBUTION, ETC. | |
| Date of publication, distribution, etc. | 2015 |
| 490 ## - SERIES STATEMENT | |
| Series statement | Estates Gazette |
| Volume/sequential designation | (1502) 17 January 2015, 52-54(3) |
| 520 ## - SUMMARY, ETC. | |
| Summary, etc. | Identifies the practical problems that could make Labour's proposed mansion tax unworkable. Issues include the government having to devise some means of identifying the owners of homes worth over £2m, little clarity on whether tenants will be liable where the owner lets a property on market rent and further questions about what effect the tax could have on the market. |
| 590 ## - LOCAL NOTE (RLIN) | |
| Local note | KA |
| 651 #4 - SUBJECT ADDED ENTRY--GEOGRAPHIC NAME | |
| Geographic name | United Kingdom |
| 690 ## - LOCAL SUBJECT ADDED ENTRY--TOPICAL TERM (OCLC, RLIN) | |
| Topical term or geographic name as entry element | Property management |
| 9 (RLIN) | 6262 |
| 942 ## - ADDED ENTRY ELEMENTS (KOHA) | |
| Suppress in OPAC | 0 |
| Withdrawn status | Lost status | Source of classification or shelving scheme | Damaged status | Not for loan | Home library | Current library | Shelving location | Date acquired | Total Checkouts | Full call number | Barcode | Date last seen | Copy number | Price effective from | Koha item type |
|---|---|---|---|---|---|---|---|---|---|---|---|---|---|---|---|
| Dewey Decimal Classification | London | London | Journal article | 23/01/2015 | L158370 | 158370-1001 | 06/08/2019 | 1 | 06/08/2019 | Journal article |